[Event "DSM WK M 2015"]
[Site "Karlsruhe GER"]
[Date "2015.05.08"]
[Round "2"]
[White "Bachmann, Paula"]
[Black "Traktmann, Daniela"]
[Result "0-1"]
[Termination "normal"]
[Board "9.2"]
[WhiteElo "800"]
[BlackElo "973"]
[WhiteTeam "Oberschule Am Barkhof Bremen"]
[BlackTeam "Käthe-Kollwitz-Gymnasium Berlin"]
[PlyCount "24"]
[EventCountry "GER"]
[EventRounds "7"]
[EventType "team-swiss"]
[EventDate "2015.05.07"]

1. e4 b6 2. c4 Bb7 3. Nc3 e6 4. a3 Nf6 5. f3 Nc6 6. d3 Bc5 7. e5 Nh5 8. f4 Qh4+
9. g3 Nxg3 10. hxg3 Qxh1 11. Bh3 Qxg1+ 12. Bf1 Qf2# 0-1

[Event "DSM WK M 2015"]
[Site "Karlsruhe GER"]
[Date "2015.05.08"]
[Round "2"]
[White "Oschlies, Tami"]
[Black "Matern, Alexa"]
[Result "1-0"]
[Termination "normal"]
[Board "9.3"]
[WhiteElo "800"]
[BlackElo "800"]
[WhiteTeam "Käthe-Kollwitz-Gymnasium Berlin"]
[BlackTeam "Oberschule Am Barkhof Bremen"]
[PlyCount "105"]
[WhiteFideId "16217365"]
[EventCountry "GER"]
[EventRounds "7"]
[EventType "team-swiss"]
[EventDate "2015.05.07"]

1. e4 e5 2. Nf3 Nc6 3. Bc4 Nf6 4. d3 Bb4+ 5. c3 Bc5 6. O-O d6 7. h3 O-O 8. Bb3
Be6 9. Bc2 h6 10. Nbd2 a5 11. Re1 a4 12. a3 Bb3 13. Bxb3 axb3 14. Qxb3 Qe7 15.
Nf1 Qe6 16. Qxb7 Qd7 17. Qb5 Na7 18. Qxd7 Nxd7 19. Ng3 Nf6 20. Nf5 Rfe8 21. d4
exd4 22. cxd4 Bb6 23. e5 Nd7 24. exd6 Rxe1+ 25. Nxe1 cxd6 26. Nf3 Nb5 27. d5 h5
28. Bf4 Nf6 29. Ne7+ Kh7 30. Ng5+ Kh8 31. Nxf7+ Kh7 32. Re1 Ba5 33. Re6 Rf8 34.
Ng5+ Kh8 35. Ng6+ Kg8 36. Nxf8 Kxf8 37. Bxd6+ Nxd6 38. Rxd6 Bc7 39. Rc6 Bf4 40.
Ne6+ Ke7 41. Nxf4 Kd7 42. Rc5 Kd6 43. b4 Ne4 44. Ra5 Ke5 45. f3 Kxf4 46. fxe4
Kxe4 47. d6 Kd4 48. d7 Kc4 49. d8=Q Kb3 50. Qd3+ Kb2 51. Rc5 Ka2 52. Rc2+ Kb1
53. Qd1# 1-0

[Event "DSM WK M 2015"]
[Site "Karlsruhe GER"]
[Date "2015.05.08"]
[Round "2"]
[White "Issifou, Yusra"]
[Black "Eilers-König, Nadja"]
[Result "1-0"]
[Termination "normal"]
[Board "9.4"]
[WhiteElo "800"]
[BlackElo "800"]
[WhiteTeam "Oberschule Am Barkhof Bremen"]
[BlackTeam "Käthe-Kollwitz-Gymnasium Berlin"]
[PlyCount "61"]
[BlackFideId "16217390"]
[EventCountry "GER"]
[EventRounds "7"]
[EventType "team-swiss"]
[EventDate "2015.05.07"]

1. d4 d5 2. Nf3 Nc6 3. Nc3 e6 4. Bg5 Nf6 5. e3 g6 6. Bb5 a6 7. Bxc6+ bxc6 8.
O-O Bg7 9. h3 O-O 10. Qd3 Qd6 11. Bf4 Qb4 12. a3 Qxb2 13. Rab1 Qxa3 14. Rb3 Qe7
15. Ne5 Qd6 16. Rb2 a5 17. Ra2 Ba6 18. Qd1 Bxf1 19. Qxf1 Qb4 20. Qe1 Nh5 21. g4
Nxf4 22. exf4 Qxd4 23. Ra4 Qxf4 24. Rxf4 g5 25. Rd4 f6 26. Nxc6 f5 27. Qxe6+
Kh8 28. Rxd5 Bxc3 29. gxf5 Ra6 30. Qe7 Rxc6 31. Qxf8# 1-0

[Event "DSM WK M 2015"]
[Site "Karlsruhe GER"]
[Date "2015.05.08"]
[Round "3"]
[White "Kümmel, Tina"]
[Black "Krein, Jana"]
[Result "1/2-1/2"]
[Termination "normal"]
[Board "1.1"]
[WhiteElo "1381"]
[BlackElo "1576"]
[WhiteTeam "Ludwigsgymnasium Köthen"]
[BlackTeam "Auguste-Viktoria-Gymnasium Trier"]
[PlyCount "66"]
[WhiteFideId "12979368"]
[BlackFideId "12937762"]
[EventCountry "GER"]
[EventRounds "7"]
[EventType "team-swiss"]
[EventDate "2015.05.07"]

1. Nf3 d5 2. g3 b6 3. Bg2 Bb7 4. O-O c5 5. d3 e6 6. Nbd2 Bd6 7. e4 Ne7 8. Re1
O-O 9. c3 Nd7 10. Qc2 Ng6 11. Nf1 Rc8 12. Ne3 d4 13. Nc4 Nde5 14. Ncxe5 Nxe5
15. c4 Ng6 16. Bd2 e5 17. Rac1 Bc6 18. Rf1 Qc7 19. Qd1 Rce8 20. Re1 f5 21. Ng5
h6 22. exf5 {(=)} Rxf5 23. Ne4 Ref8 24. Rf1 Be7 25. Bh3 Bxe4 26. dxe4 R5f6 27.
Bf5 Bd6 28. Qg4 Ne7 29. Be6+ Kh8 30. Bd5 Nxd5 31. cxd5 Qf7 32. Qe2 Rg6 33. Kg2
Rf6 1/2-1/2

[Event "DSM WK M 2015"]
[Site "Karlsruhe GER"]
[Date "2015.05.08"]
[Round "3"]
[White "Bach, Kira"]
[Black "Wesselly, Luisa"]
[Result "1-0"]
[Termination "normal"]
[Board "1.2"]
[WhiteElo "1536"]
[BlackElo "1032"]
[WhiteTeam "Auguste-Viktoria-Gymnasium Trier"]
[BlackTeam "Ludwigsgymnasium Köthen"]
[PlyCount "57"]
[WhiteFideId "12907677"]
[BlackFideId "16217187"]
[EventCountry "GER"]
[EventRounds "7"]
[EventType "team-swiss"]
[EventDate "2015.05.07"]

1. e4 e5 2. Nf3 Nc6 3. Bb5 d6 4. h3 Nf6 5. O-O Nxe4 6. d4 Nf6 7. dxe5 dxe5 8.
Nxe5 Qxd1 9. Rxd1 Rb8 10. Bxc6+ bxc6 11. Nxc6 Nd7 12. Re1+ Be7 13. Rxe7+ Kf8
14. Rxd7 Bxd7 15. Nxb8 Bf5 16. c3 Ke7 17. Nc6+ Kd6 18. Nd4 Bd7 19. Bf4+ Kd5 20.
Nd2 c5 21. N4f3 Re8 22. Re1 Rb8 23. Bxb8 f6 24. Bxa7 g5 25. Ne4 c4 26. Nxf6+
Kd6 27. Rd1+ Ke6 28. Nxd7 Kf5 29. Rd5+ 1-0

[Event "DSM WK M 2015"]
[Site "Karlsruhe GER"]
[Date "2015.05.08"]
[Round "3"]
[White "Buchheim, Luise"]
[Black "Kim, Yu-Mi"]
[Result "0-1"]
[Termination "normal"]
[Board "1.3"]
[WhiteElo "1112"]
[BlackElo "1304"]
[WhiteTeam "Ludwigsgymnasium Köthen"]
[BlackTeam "Auguste-Viktoria-Gymnasium Trier"]
[PlyCount "38"]
[WhiteFideId "16217179"]
[BlackFideId "12955361"]
[EventCountry "GER"]
[EventRounds "7"]
[EventType "team-swiss"]
[EventDate "2015.05.07"]

1. e4 e5 2. Nf3 Nc6 3. Bc4 Bc5 4. Nc3 Nf6 5. d3 h6 6. Be3 Bb6 7. O-O O-O 8. Nh4
d6 9. h3 Be6 10. Bb3 Nxe4 11. Nxe4 Qxh4 12. Qf3 Nd4 13. Qd1 Nxb3 14. axb3 f5
15. Nc3 f4 16. Bxb6 axb6 17. Nb5 Rxa1 18. Qxa1 f3 19. g3 Qxh3 0-1

[Event "DSM WK M 2015"]
[Site "Karlsruhe GER"]
[Date "2015.05.08"]
[Round "3"]
[White "Mertes, Kathrin"]
[Black "Buhle, Jasmin"]
[Result "1-0"]
[Termination "normal"]
[Board "1.4"]
[WhiteElo "1225"]
[BlackElo "960"]
[WhiteTeam "Auguste-Viktoria-Gymnasium Trier"]
[BlackTeam "Ludwigsgymnasium Köthen"]
[PlyCount "85"]
[BlackFideId "16217195"]
[EventCountry "GER"]
[EventRounds "7"]
[EventType "team-swiss"]
[EventDate "2015.05.07"]

1. e4 e5 2. Nf3 Nc6 3. Bc4 Bc5 4. O-O Nf6 5. c3 d6 6. d4 exd4 7. cxd4 Bb6 8.
Bg5 Bg4 9. d5 Ne5 10. Nbd2 O-O 11. Be2 h6 12. Nxe5 Bxe2 13. Bxf6 Bxd1 14. Bxd8
Raxd8 15. Raxd1 dxe5 16. Nc4 Rfe8 17. Nxb6 axb6 18. Rc1 Rc8 19. a4 Red8 20.
Rcd1 Ra8 21. Ra1 Rd7 {(=)} 22. f4 f6 23. fxe5 fxe5 24. Rf5 Re7 25. b3 b5 26.
Kf2 bxa4 27. Rxa4 Rxa4 28. bxa4 Kh7 29. Ke3 Kg6 30. h4 Kh7 31. h5 g6 32. hxg6+
Kxg6 33. Kd3 h5 34. Kc4 Kh6 35. Kc5 h4 36. a5 Kg6 37. a6 bxa6 38. Kb4 a5+ 39.
Kxa5 Rf7 40. Rxe5 Rf2 41. Re8 Ra2+ 42. Kb5 Rb2+ 43. Kc4 1-0

[Event "DSM WK M 2015"]
[Site "Karlsruhe GER"]
[Date "2015.05.08"]
[Round "3"]
[White "Riegel, Arinna"]
[Black "Leinemann, Vivien Sophie"]
[Result "1-0"]
[Termination "normal"]
[Board "2.1"]
[WhiteElo "1640"]
[BlackElo "1425"]
[WhiteTeam "Deutschorden-Gymnasium Bad Mergentheim"]
[BlackTeam "Charlotte-Paulsen-Gymnasium Hamburg"]
[PlyCount "71"]
[WhiteFideId "12931446"]
[BlackFideId "16208536"]
[EventCountry "GER"]
[EventRounds "7"]
[EventType "team-swiss"]
[EventDate "2015.05.07"]

1. e4 e6 2. d4 d5 3. exd5 exd5 4. Bd3 Bd6 5. Qf3 c6 6. Bf4 Ne7 7. Ne2 Qc7 8.
O-O Bxf4 9. Qxf4 Qxf4 10. Nxf4 O-O 11. Re1 Ng6 12. Nxg6 hxg6 13. Nd2 Be6 14.
Re3 Nd7 15. Rae1 Rfe8 16. Nf3 Nf6 17. h3 Bf5 18. Bxf5 gxf5 19. Re7 Ne4 20. Rxb7
Reb8 21. Rb3 Rxb3 22. axb3 f6 23. Ra1 Ng5 24. Nxg5 fxg5 25. Ra6 Rc8 26. Rxa7 c5
27. dxc5 Rxc5 28. c3 Rb5 29. b4 d4 30. Rd7 dxc3 31. bxc3 Rb8 32. Kf1 Rc8 33.
Rd3 Kf8 34. Ke2 Ke7 35. Kd2 Ke6 36. Kc2 1-0

[Event "DSM WK M 2015"]
[Site "Karlsruhe GER"]
[Date "2015.05.08"]
[Round "3"]
[White "G., Diana"]
[Black "Brunkardt, Elena"]
[Result "0-1"]
[Termination "normal"]
[Board "2.2"]
[WhiteElo "1162"]
[BlackElo "1474"]
[WhiteTeam "Charlotte-Paulsen-Gymnasium Hamburg"]
[BlackTeam "Deutschorden-Gymnasium Bad Mergentheim"]
[PlyCount "80"]
[WhiteFideId "12964700"]
[BlackFideId "16208838"]
[EventCountry "GER"]
[EventRounds "7"]
[EventType "team-swiss"]
[EventDate "2015.05.07"]

1. e4 c5 2. Nf3 e6 3. d4 cxd4 4. Nxd4 a6 5. Nc3 Qc7 6. Be3 Nf6 7. Qd2 Bb4 8.
Bd3 d6 9. O-O e5 10. Nde2 b5 11. a3 Bxc3 12. Nxc3 Bb7 13. f4 Nbd7 14. fxe5 Nxe5
15. Bg5 Nfg4 16. h3 Nxd3 17. Qxd3 Qc5+ 18. Kh1 Qxg5 19. hxg4 O-O 20. Qxd6 Qxg4
21. Qf4 Qxf4 22. Rxf4 Rfe8 23. Raf1 f6 24. Nd5 Rad8 25. Rd1 Kf7 26. g4 Re5 27.
Nc3 Rxd1+ 28. Nxd1 Bxe4+ 29. Kg1 Bxc2 30. Nc3 h5 31. gxh5 Rxh5 32. Kf2 Rh2+ 33.
Ke3 Bb3 34. Rf2 Rxf2 35. Kxf2 f5 36. Ne2 g5 37. Nd4 Be6 38. Nxe6 Kxe6 39. b4
Ke5 40. Kf3 Kd4 0-1

[Event "DSM WK M 2015"]
[Site "Karlsruhe GER"]
[Date "2015.05.08"]
[Round "3"]
[White "Youness, Fatima"]
[Black "Syla, Albetina"]
[Result "1-0"]
[Termination "normal"]
[Board "2.3"]
[WhiteElo "1369"]
[BlackElo "1096"]
[WhiteTeam "Deutschorden-Gymnasium Bad Mergentheim"]
[BlackTeam "Charlotte-Paulsen-Gymnasium Hamburg"]
[PlyCount "73"]
[WhiteFideId "16214404"]
[EventCountry "GER"]
[EventRounds "7"]
[EventType "team-swiss"]
[EventDate "2015.05.07"]

1. e4 e5 2. Nf3 Nc6 3. d4 exd4 4. Nxd4 Bc5 5. Be3 Qf6 6. c3 Nge7 7. Bc4 O-O 8.
O-O d6 9. b4 Bb6 10. a4 a5 11. b5 Nxd4 12. Bxd4 Bxd4 13. cxd4 Qg6 14. Nc3 Bh3
15. Qf3 Bg4 16. Qg3 Rac8 17. f3 Bh5 18. Qxg6 Bxg6 19. Rae1 c6 20. b6 d5 21.
exd5 cxd5 22. Rxe7 Rxc4 23. Nxd5 Rxd4 24. Nc3 Rb8 25. Rfe1 f6 26. Rc7 Rb4 27.
Nd5 Rd4 28. Ne7+ Kf7 29. Nc6+ Kf8 30. Nxd4 Bf7 31. Ree7 Bd5 32. Rxg7 h6 33. Rh7
Kg8 34. Rxh6 f5 35. Nxf5 Bc6 36. Rg7+ Kf8 37. Rh8# 1-0

[Event "DSM WK M 2015"]
[Site "Karlsruhe GER"]
[Date "2015.05.08"]
[Round "3"]
[White "O'Reilly, Johanna"]
[Black "Nguyen, Misa"]
[Result "0-1"]
[Termination "normal"]
[Board "2.4"]
[WhiteElo "800"]
[BlackElo "800"]
[WhiteTeam "Charlotte-Paulsen-Gymnasium Hamburg"]
[BlackTeam "Deutschorden-Gymnasium Bad Mergentheim"]
[PlyCount "20"]
[EventCountry "GER"]
[EventRounds "7"]
[EventType "team-swiss"]
[EventDate "2015.05.07"]

1. e4 e5 2. Nf3 Nf6 3. Nc3 Nc6 4. Ng5 h6 5. Nf3 g5 6. Bc4 b6 7. d3 Bb7 8. Be3
a5 9. Qe2 Ba6 10. Bxa6 Rxa6 {(Rest nicht nachvollziehbar)} 0-1

[Event "DSM WK M 2015"]
[Site "Karlsruhe GER"]
[Date "2015.05.08"]
[Round "3"]
[White "Neumann, Tina"]
[Black "Kail, Sindy"]
[Result "0-1"]
[Termination "normal"]
[Board "3.1"]
[WhiteElo "1284"]
[BlackElo "1528"]
[WhiteTeam "Veit-Ludwig-von-Seckendorff-Gymnasium Meuselwitz"]
[BlackTeam "Maria-Ward-Schule Aschaffenburg"]
[PlyCount "104"]
[WhiteFideId "16212371"]
[BlackFideId "12988502"]
[EventCountry "GER"]
[EventRounds "7"]
[EventType "team-swiss"]
[EventDate "2015.05.07"]

1. e4 c5 2. Nf3 d6 3. d4 cxd4 4. Nxd4 Nf6 5. Nc3 a6 6. Be3 e5 7. Nf3 Be6 8. Be2
h6 9. O-O Be7 10. a3 Nbd7 11. b4 Rc8 12. Na4 b5 13. Nb2 Nxe4 14. Rc1 Nc3 15.
Qd2 Nxe2+ 16. Qxe2 Nb6 17. Nd2 O-O 18. f3 d5 19. Rfd1 d4 20. Bf2 Nd5 21. Qxe5
Bf6 22. Qg3 Nc3 23. Re1 Bf5 24. Ne4 Bxe4 25. fxe4 Bg5 26. Ra1 Bd2 27. Kf1 Bxe1
28. Rxe1 Qd7 29. Qd3 Rfd8 30. h3 Rc6 31. Nd1 Qd6 32. Nxc3 Rxc3 33. Qd2 Rxa3 34.
Rc1 Rc3 35. Rd1 Qxb4 36. Bxd4 Qc4+ 37. Kg1 Rxc2 38. Qe3 Qe2 39. Qxe2 Rxe2 40.
Kf1 Rxe4 41. Kf2 Rexd4 42. Rxd4 Rxd4 43. Ke3 Rc4 44. Kd3 a5 45. g4 a4 46. g5 a3
47. gxh6 a2 48. hxg7 a1=Q 49. h4 Qa3+ 50. Kd2 Qb3 51. h5 Rc2+ 52. Kd1 Qb1# 0-1

[Event "DSM WK M 2015"]
[Site "Karlsruhe GER"]
[Date "2015.05.08"]
[Round "3"]
[White "Damrich, Alina"]
[Black "Meyer, Jessica"]
[Result "1-0"]
[Termination "normal"]
[Board "3.2"]
[WhiteElo "1470"]
[BlackElo "1040"]
[WhiteTeam "Maria-Ward-Schule Aschaffenburg"]
[BlackTeam "Veit-Ludwig-von-Seckendorff-Gymnasium Meuselwitz"]
[PlyCount "99"]
[WhiteFideId "12964603"]
[BlackFideId "16230019"]
[EventCountry "GER"]
[EventRounds "7"]
[EventType "team-swiss"]
[EventDate "2015.05.07"]

1. e4 c5 2. Nf3 e6 3. d4 cxd4 4. Nxd4 Be7 5. Nc3 d6 6. Bb5+ Nd7 7. Be3 Ngf6 8.
Nf3 Qc7 9. O-O b6 10. Re1 O-O 11. Bg5 e5 12. Qd2 g6 13. Rad1 Bb7 14. Bxd7 Qxd7
15. Nxe5 Qe6 16. Nf3 Nxe4 17. Nxe4 Bxe4 18. Bxe7 Qxe7 19. Ng5 f5 20. f3 h6 21.
Nh3 d5 22. fxe4 dxe4 23. Qxh6 Qf6 24. Ng5 Qe7 25. Qxg6+ Qg7 26. Qxg7+ Kxg7 27.
Ne6+ Kf7 28. Nxf8 Kxf8 29. Rd5 Re8 30. Rxf5+ Kg8 31. Re3 Re7 32. Rg3+ Rg7 33.
Rxg7+ Kxg7 34. Re5 a6 35. Rxe4 b5 36. Re6 a5 37. Kf2 Kf7 38. Ra6 a4 39. Ke3 b4
40. Kf4 b3 41. cxb3 axb3 42. axb3 Ke7 43. Ke5 Kd7 44. h4 Kc7 45. h5 Kb7 46. Rg6
Kc7 47. h6 Kd7 48. h7 Ke7 49. Rg7+ Kd8 50. h8=Q# 1-0

[Event "DSM WK M 2015"]
[Site "Karlsruhe GER"]
[Date "2015.05.08"]
[Round "3"]
[White "Wilmar, Anna"]
[Black "Gentil, Verena"]
[Result "0-1"]
[Termination "normal"]
[Board "3.3"]
[WhiteElo "800"]
[BlackElo "935"]
[WhiteTeam "Veit-Ludwig-von-Seckendorff-Gymnasium Meuselwitz"]
[BlackTeam "Maria-Ward-Schule Aschaffenburg"]
[PlyCount "78"]
[BlackFideId "12964611"]
[EventCountry "GER"]
[EventRounds "7"]
[EventType "team-swiss"]
[EventDate "2015.05.07"]

1. d4 d5 2. Nf3 Nf6 3. Bf4 Bg4 4. e3 e6 5. c4 dxc4 6. Bxc4 Nc6 7. Nc3 Bb4 8. a3
Bxc3+ 9. bxc3 O-O 10. O-O a6 11. Be2 Qd5 12. Bxc7 Ne4 13. Qd3 Rac8 14. Bg3 Bf5
15. c4 Qa5 16. Qd1 Nc3 17. Qd2 Nxe2+ 18. Qxe2 Bg4 19. Rfb1 Qc3 20. Rxb7 Qxa1+
21. Qf1 Qxf1+ 22. Kxf1 Bxf3 23. gxf3 Na5 24. Rb6 Nxc4 25. Rxa6 Ra8 26. Rc6 Nxa3
27. Bd6 Rfd8 28. Be7 Rd7 29. Bxa3 h6 30. Bb2 Rb7 31. Bc1 Rb1 32. Kg2 Raa1 33.
Bd2 Rg1+ 34. Kh3 Raf1 35. f4 Rxf2 36. Bb4 Rf3+ 37. Kh4 g5+ 38. fxg5 hxg5+ 39.
Kh5 Rh3# 0-1

[Event "DSM WK M 2015"]
[Site "Karlsruhe GER"]
[Date "2015.05.08"]
[Round "3"]
[White "Lay, Sophia"]
[Black "Jubelt, Lea"]
[Result "0-1"]
[Termination "normal"]
[Board "3.4"]
[WhiteElo "800"]
[BlackElo "696"]
[WhiteTeam "Maria-Ward-Schule Aschaffenburg"]
[BlackTeam "Veit-Ludwig-von-Seckendorff-Gymnasium Meuselwitz"]
[PlyCount "126"]
[EventCountry "GER"]
[EventRounds "7"]
[EventType "team-swiss"]
[EventDate "2015.05.07"]

1. d4 d5 2. Nc3 Nc6 3. Nf3 Nf6 4. Bf4 Bf5 5. e3 e6 6. Bb5 a6 7. Ba4 b5 8. Bb3
Bd6 9. O-O O-O 10. Qe2 b4 11. Na4 Rb8 12. Qxa6 Qd7 13. c3 bxc3 14. bxc3 Rbd8
15. Qb5 Rfe8 16. c4 Rb8 17. Qa6 Ra8 18. Qb5 Reb8 19. Nc5 Qe8 20. Qxb8 Rxb8 21.
Na6 Rc8 22. c5 e5 23. cxd6 exf4 24. exf4 cxd6 25. Rfe1 Qd7 26. Rac1 Ra8 27. Nc5
dxc5 28. Rxc5 Be4 29. Ne5 Nxe5 30. dxe5 Nh5 31. f3 Bf5 32. Rxd5 Qa7+ 33. Kf1
Nxf4 34. Red1 Nxd5 35. Bxd5 Rd8 36. g4 Be6 37. Bb3 Rxd1+ 38. Bxd1 Bxa2 39. Kg2
Qd4 40. Be2 Qxe5 41. Kf2 Qxh2+ 42. Ke3 g6 43. f4 f5 44. gxf5 gxf5 45. Bd3 h5
46. Bxf5 Bd5 47. Be4 Bxe4 48. Kxe4 Kf7 49. Kf5 h4 50. Kg5 Qg3+ 51. Kf5 h3 52.
Ke5 h2 53. Ke4 h1=R 54. Ke5 Qh3 55. f5 Rf1 56. f6 Rxf6 57. Kd5 Qh5+ 58. Ke4 Ra6
59. Kd4 Ra4+ 60. Kc3 Qh3+ 61. Kb2 Rg4 62. Kc2 Rg2+ 63. Kd1 Qh1# 0-1

[Event "DSM WK M 2015"]
[Site "Karlsruhe GER"]
[Date "2015.05.08"]
[Round "3"]
[White "Koopmann, Jasmin"]
[Black "Schäfer, Jessica"]
[Result "0-1"]
[Termination "normal"]
[Board "4.3"]
[WhiteElo "800"]
[BlackElo "1091"]
[WhiteTeam "Franziskusgymnasium Lingen"]
[BlackTeam "Konrad-Duden-Schule Bad Hersfeld"]
[PlyCount "68"]
[BlackFideId "12996491"]
[EventCountry "GER"]
[EventRounds "7"]
[EventType "team-swiss"]
[EventDate "2015.05.07"]

1. e4 c5 2. Nf3 d6 3. Bb5+ Nc6 4. d3 Nf6 5. Nc3 Bd7 6. Bf4 g6 7. O-O Bg7 8. Ng5
O-O 9. Re1 a6 10. Bc4 b5 11. Bd5 Nxd5 12. exd5 Ne5 13. h3 e6 14. Nce4 Bc8 15.
a4 exd5 16. Ng3 Bh6 17. h4 Re8 18. axb5 Bg4 19. Qd2 axb5 20. Rxa8 Qxa8 21. d4
Nc4 22. Qc1 Qd8 23. Nxh7 Rxe1+ 24. Qxe1 Bxf4 25. Ne2 Qe7 26. b3 Kxh7 27. bxc4
dxc4 28. dxc5 dxc5 29. f3 Qe3+ 30. Kf1 Bf5 31. g3 Qxf3+ 32. Kg1 Be3+ 33. Qf2
Qxf2+ 34. Kh1 Be4# 0-1

[Event "DSM WK M 2015"]
[Site "Karlsruhe GER"]
[Date "2015.05.08"]
[Round "3"]
[White "Nguyen, Mai Chi"]
[Black "Brüwer, Sophie"]
[Result "1/2-1/2"]
[Termination "normal"]
[Board "4.4"]
[WhiteElo "800"]
[BlackElo "800"]
[WhiteTeam "Konrad-Duden-Schule Bad Hersfeld"]
[BlackTeam "Franziskusgymnasium Lingen"]
[PlyCount "113"]
[EventCountry "GER"]
[EventRounds "7"]
[EventType "team-swiss"]
[EventDate "2015.05.07"]

1. e4 e5 2. Nf3 Nf6 3. Nc3 Nc6 4. Bb5 Bb4 5. d3 d6 6. Be3 Bg4 7. Bd2 O-O 8. h3
h6 9. hxg4 Nh7 10. g5 hxg5 11. Nxg5 Nxg5 12. Qg4 a6 13. Bxc6 bxc6 14. Bxg5 f6
15. Bh6 Qe7 16. O-O-O Rab8 17. Na4 c5 18. Qg6 Qf7 19. Qxf7+ Rxf7 20. Be3 Rff8
21. Rh2 Rb5 22. Rdh1 Kf7 23. Rh7 Rbb8 24. f4 Rh8 25. Rxh8 Rxh8 26. Rxh8 Be1 27.
fxe5 fxe5 28. Rc8 Bh4 29. Rxc7+ Kf6 30. Ra7 g5 31. Rxa6 Ke6 32. g4 Kd7 33. Nb6+
Kc7 34. Nd5+ Kb7 35. Rxd6 Kc8 36. Bxc5 Bg3 37. Nb6+ Kc7 38. Rg6 Bf4+ 39. Kb1
Kb7 40. Nd5 Bd2 41. Re6 Ba5 42. Rxe5 Bd2 43. Re6 Ba5 44. Rg6 Bd8 45. Be3 Kc8
46. Bxg5 Ba5 47. Be3 Kd8 48. Rg7 Ke8 49. Bc5 Kd8 50. Rf7 Ke8 51. Rf6 Kd7 52. g5
Bd8 53. Rf5 Kc6 54. Ba3 Kb5 55. g6 Be7 56. Nxe7+ Ka4 57. g7 1/2-1/2

[Event "DSM WK M 2015"]
[Site "Karlsruhe GER"]
[Date "2015.05.08"]
[Round "3"]
[White "Caliebe, Nanke"]
[Black "Alcer, Johanna"]
[Result "1-0"]
[Termination "normal"]
[Board "5.1"]
[WhiteElo "1360"]
[BlackElo "1180"]
[WhiteTeam "Gymnasium Altenholz"]
[BlackTeam "Käthe-Kollwitz-Gymnasium Berlin"]
[PlyCount "99"]
[WhiteFideId "12980528"]
[BlackFideId "12964450"]
[EventCountry "GER"]
[EventRounds "7"]
[EventType "team-swiss"]
[EventDate "2015.05.07"]

1. d4 Nf6 2. c4 e5 3. e3 exd4 4. exd4 d5 5. Nf3 c5 6. dxc5 Bxc5 7. Nc3 Be6 8.
cxd5 Nxd5 9. Bb5+ Nc6 10. Nxd5 Qxd5 11. Qxd5 Bxd5 12. O-O O-O 13. Bxc6 Bxc6 14.
Bf4 Rfe8 15. Rac1 Bb6 16. Ne5 Bb5 17. Rfd1 Rad8 18. h3 f6 19. Nf3 Re2 20. Rxd8+
Bxd8 21. Rc8 Re8 22. Bc7 Bxc7 23. Rxc7 Bc6 24. Nd4 Re1+ 25. Kh2 Rb1 26. b3 Rb2
27. Nxc6 bxc6 28. Rxa7 Rxf2 29. Rc7 Rxa2 30. Rxc6 Rb2 31. Rb6 Kf7 32. Rb7+ Kg6
33. b4 h5 34. b5 Kh6 35. b6 g6 36. Rb8 Kg5 37. b7 h4 38. Kg1 f5 39. Kf1 Kh5 40.
Rh8+ Kg5 41. b8=Q Rxb8 42. Rxb8 Kf4 43. Kf2 g5 44. Rb4+ Ke5 45. g3 hxg3+ 46.
Kxg3 f4+ 47. Kf3 Kf5 48. Rb5+ Kg6 49. Kg4 Kf6 50. Rxg5 1-0

[Event "DSM WK M 2015"]
[Site "Karlsruhe GER"]
[Date "2015.05.08"]
[Round "3"]
[White "Traktmann, Daniela"]
[Black "König, Isabel"]
[Result "0-1"]
[Termination "normal"]
[Board "5.2"]
[WhiteElo "973"]
[BlackElo "1073"]
[WhiteTeam "Käthe-Kollwitz-Gymnasium Berlin"]
[BlackTeam "Gymnasium Altenholz"]
[PlyCount "102"]
[BlackFideId "16210000"]
[EventCountry "GER"]
[EventRounds "7"]
[EventType "team-swiss"]
[EventDate "2015.05.07"]

1. e4 c5 2. Bc4 a6 3. Nf3 b5 4. Bd5 Ra7 5. e5 e6 6. Be4 d6 7. O-O dxe5 8. Nxe5
Qc7 9. d4 cxd4 10. Qxd4 Nf6 11. Bf3 Bc5 12. Qc3 b4 13. Qe1 O-O 14. Bf4 Qb6 15.
Nc4 Qb5 16. b3 Bb7 17. a4 bxa3 18. Nbxa3 Qd7 19. Bg4 Nxg4 20. Rd1 Qe7 21. Nb1
Nc6 22. h3 Nf6 23. Nc3 Nd4 24. Qd2 Rd8 25. Bg5 Nf3+ 26. gxf3 Rxd2 27. Rxd2 Bxf3
28. Bxf6 Qxf6 29. Ne3 Bxe3 30. fxe3 h6 31. Kf2 Be4+ 32. Ke2 Qe5 33. Nxe4 Qxe4
34. Rd4 Qxc2+ 35. Kf3 Qxb3 36. Rfd1 a5 37. R4d3 Qb7+ 38. Ke2 Qb5 39. Kf3 Qf5+
40. Ke2 Rb7 41. Ke1 Rb1 42. Rxb1 Qxd3 43. Ra1 Qc3+ 44. Kf2 Qxa1 45. e4 a4 46.
Ke3 a3 47. h4 a2 48. h5 Qe1+ 49. Kf4 a1=Q 50. e5 Qaxe5+ 51. Kg4 Q1g3# 0-1

[Event "DSM WK M 2015"]
[Site "Karlsruhe GER"]
[Date "2015.05.08"]
[Round "3"]
[White "Morsch, Rebecca"]
[Black "Ludwig, Lea"]
[Result "0-1"]
[Termination "normal"]
[Board "5.3"]
[WhiteElo "800"]
[BlackElo "800"]
[WhiteTeam "Gymnasium Altenholz"]
[BlackTeam "Käthe-Kollwitz-Gymnasium Berlin"]
[PlyCount "90"]
[BlackFideId "16217381"]
[EventCountry "GER"]
[EventRounds "7"]
[EventType "team-swiss"]
[EventDate "2015.05.07"]

1. e4 c5 2. Nf3 Nc6 3. Nc3 d6 4. Bb5 Bd7 5. O-O Nf6 6. d3 g6 7. Bf4 Bg7 8. Re1
O-O 9. Re3 a6 10. Bxc6 Bxc6 11. d4 b5 12. d5 Bb7 13. Qd2 Bc8 14. Rd1 Bg4 15.
Qe2 b4 16. Nb1 a5 17. h3 Nh5 18. Bh2 Bd7 19. Nbd2 Bxb2 20. Nc4 Bf6 21. a3 Bb5
22. axb4 axb4 23. Rb3 Ra2 24. Rd2 Ra5 25. Re3 Ra1+ 26. Ne1 Bg5 27. Rd1 Rxd1 28.
Qxd1 Bxe3 29. Nxe3 e6 30. Qd2 Nf6 31. c4 Bd7 32. Qd3 e5 33. Nf3 Re8 34. Bg3 Nh5
35. Bh4 Qa5 36. Ng5 Nf4 37. Qd2 Qa1+ 38. Kh2 Qb1 39. Ng4 Qf1 40. Nf6+ Kg7 41.
Qxf4 exf4 42. Nxe8+ Bxe8 43. Nf3 b3 44. Nd2 Qd1 45. Nf3 b2 0-1

[Event "DSM WK M 2015"]
[Site "Karlsruhe GER"]
[Date "2015.05.08"]
[Round "3"]
[White "Oschlies, Tami"]
[Black "Mewis, Rebekka"]
[Result "1-0"]
[Termination "normal"]
[Board "5.4"]
[WhiteElo "800"]
[BlackElo "800"]
[WhiteTeam "Käthe-Kollwitz-Gymnasium Berlin"]
[BlackTeam "Gymnasium Altenholz"]
[PlyCount "39"]
[WhiteFideId "16217365"]
[EventCountry "GER"]
[EventRounds "7"]
[EventType "team-swiss"]
[EventDate "2015.05.07"]

1. e4 e5 2. Nf3 Nc6 3. Bc4 Nf6 4. d3 Bb4+ 5. c3 Ba5 6. O-O d6 7. h3 Qe7 8. Nbd2
Be6 9. Bxe6 Qxe6 10. Re1 O-O-O 11. b4 Bb6 12. a4 a6 13. b5 Na7 14. bxa6 bxa6
15. a5 Bxa5 16. Rxa5 Nc6 17. Rxa6 Kb7 18. Qa4 Ra8 19. Qxc6+ Kb8 20. Qxa8# 1-0

[Event "DSM WK M 2015"]
[Site "Karlsruhe GER"]
[Date "2015.05.08"]
[Round "3"]
[White "Becker, Nina"]
[Black "Dorendorf, Lena"]
[Result "1-0"]
[Termination "normal"]
[Board "6.1"]
[WhiteElo "1102"]
[BlackElo "1125"]
[WhiteTeam "Warndt-Gymnasium Völklingen"]
[BlackTeam "Gymnasium Gadebusch"]
[PlyCount "67"]
[BlackFideId "12983373"]
[EventCountry "GER"]
[EventRounds "7"]
[EventType "team-swiss"]
[EventDate "2015.05.07"]

1. e4 e5 2. Nf3 Nc6 3. Bc4 Bc5 4. d3 Nf6 5. Nc3 d6 6. h3 h6 7. Bd2 Bd7 8. a3
O-O 9. Qe2 Re8 10. g4 Nh7 11. O-O-O a6 12. Rdg1 Ne7 13. g5 h5 14. g6 Nxg6 15.
Rxg6 Be6 16. Bxe6 Rxe6 17. Rxe6 fxe6 18. Rg1 Qf6 19. Ng5 Nxg5 20. Bxg5 Qf7 21.
Bh6 g6 22. Be3 Kf8 23. Bxc5 dxc5 24. Qe3 Kg7 25. Qxc5 Qf4+ 26. Kb1 Rc8 27. Qe7+
Qf7 28. Qg5 Kh7 29. Qxe5 Qxf2 30. Rg5 Qf1+ 31. Ka2 Qxh3 32. Qf6 Rg8 33. Ne2 Qe3
34. Nf4 1-0